Global Indian diaspora : history, culture and identity (Record no. 7130)

MARC details
000 -LEADER
fixed length control field 00613 a2200193 4500
001 - CONTROL NUMBER
control field 132783
003 - CONTROL NUMBER IDENTIFIER
control field OSt
005 - DATE AND TIME OF LATEST TRANSACTION
control field 20220224105514.0
008 - FIXED-LENGTH DATA ELEMENTS--GENERAL INFORMATION
fixed length control field
020 ## - INTERNATIONAL STANDARD BOOK NUMBER
International Standard Book Number 97881631604717
082 ## - DEWEY DECIMAL CLASSIFICATION NUMBER
Classification number 304.80954
Item number G51G
245 1# - TITLE STATEMENT
Title Global Indian diaspora : history, culture and identity
Statement of responsibility, etc edited by Ajaya Kumar Sahoo and Laxmi Narayan Kadekar
260 ## - PUBLICATION, DISTRIBUTION, ETC. (IMPRINT)
Place of publication, distribution, etc Jaipur
Name of publisher, distributor, etc Rawat Publications
Date of publication, distribution, etc 2012
300 ## - PHYSICAL DESCRIPTION
Extent 232p.
690 ## - LOCAL SUBJECT ADDED ENTRY--TOPICAL TERM (OCLC, RLIN)
Topical term or geographic name as entry element East Indian diaspora; East Indians-Foreign countries
700 ## - ADDED ENTRY--PERSONAL NAME
Personal name Sahoo, Ajaya Kumar
Relator term Editor
700 ## - ADDED ENTRY--PERSONAL NAME
Personal name Kadekar, Laxmi Narayan
Relator term Editor
942 ## - ADDED ENTRY ELEMENTS (KOHA)
Source of classification or shelving scheme Dewey Decimal Classification
Koha item type Books
Holdings
Withdrawn status Lost status Source of classification or shelving scheme Damaged status Not for loan Collection code Home library Current library Date acquired Source of acquisition Total Checkouts Full call number Barcode Date last seen Price effective from Koha item type
    Dewey Decimal Classification     General Text Book Central University Of Rajasthan Central University Of Rajasthan 10/07/2012 ENG   304.80954 G51G 10415 21/11/2024 02/09/2020 Books